MARC

LEADER 00000nam0a2200000 4500
001 214484
005 20231101225907.0
035 |a (RuTPU)RU\TPU\book\234355 
090 |a 214484 
100 |a 20120425d1929 k y0rusy50 ca 
101 0 |a rus 
102 |a RU 
105 |a af z 000zy 
200 1 |a Загадочный случай разрушения фермы моста пролетом 123,75 метра  |f М. И. Евдокимов-Рокотовский 
210 |a Томск  |c [Б. и.]  |d 1929 
215 |a 46 с.  |c черт. 
316 |5 63413507: 96//426  |a С автографом автора 
606 1 |a Мосты  |2 stltpush  |3 (RuTPU)RU\TPU\subj\44505  |9 63821 
610 1 |a мостостроение 
610 1 |a мостовые металлоконструкции 
610 1 |a фермы 
610 1 |a металлы 
610 1 |a испытания 
610 1 |a металлографические исследования 
610 1 |a трещины 
610 1 |a труды учёных ТПУ 
610 1 |a выпускники ТПУ 
610 1 |a дарственные надписи 
610 1 |a дары автора 
610 1 |a коллекция ТПУ 
675 |a 624.21  |v 3 
700 1 |a Евдокимов-Рокотовский  |b М. И.  |c советский инженер-строитель  |c профессор ТПИ  |f 1887-1967  |g Михаил Ильич  |2 stltpush  |3 (RuTPU)RU\TPU\pers\21864  |9 9201 
801 1 |a RU  |b 63413507  |c 20120425 
801 2 |a RU  |b 63413507  |c 20201215  |g RCR 
942 |c BK